Technical Update 1/2000 : Prinsip Pampasan Pengambilan Tanah (25 - 26 Januari 2000)

Bibliographic Details
Format: Book
Subjects:
Online Access:http://app.inspen.gov.my:7779/pls/portal/docs/PAGE/CORPORATEPAGES/PORTAL_INSPEN/NOTA_KURSUS/LA/MH.PDF

MARC

LEADER 00000cam a2200000 7i4500
001 0000007084
005 20071128.0
040 |a INS 
090 0 0 |a LA21 
245 0 0 |a Technical Update 1/2000 :   |b Prinsip Pampasan Pengambilan Tanah (25 - 26 Januari 2000) 
500 |a Digital document is available on-line; Please click the URL below 
650 0 0 |a Land acquisition and compensation 
856 |u http://app.inspen.gov.my:7779/pls/portal/docs/PAGE/CORPORATEPAGES/PORTAL_INSPEN/NOTA_KURSUS/LA/MH.PDF 
999 |a LA00000021   |b BOOK   |c Course Notes   |e Default branch